000 005420000a22001810004500
003 MACL
005 20151211145154.0
008 151211b xxu||||| |||| 00| 0 eng d
040 _aMACL
_cMACL
041 _aHindi
082 _a741.642
100 _aहजारीप्रसाद दिवेदी
_919950
245 _aमंत्र तंत्र
260 _bनेशनल बुक टस्‍ट इंडिया
_c1993
350 _a8
650 _aचिल्‍डन बुक
_9314
942 _cHIN
_k741.642
_2ddc
999 _c21148
_d21148